[Event "POR-Tch"]
[Site "POR"]
[Date "1993.??.??"]
[Round "8"]
[White "Spraggett, Kevin"]
[Black "Galego, Luis"]
[Result "1-0"]
[WhiteElo "2565"]
[BlackElo "2390"]
[PlyCount "67"]
[EventDate "1993.??.??"]
[EventType "team"]
[EventRounds "11"]
[EventCountry "POR"]

1. d4 Nf6 2. c4 c5 3. d5 e6 4. Nc3 exd5 5. cxd5 d6 6. e4 g6 7. Bd3 Bg7 8. Nge2
O-O 9. O-O a6 10. a4 Ng4 11. h3 Ne5 12. Bc2 g5 13. f4 gxf4 14. Bxf4 Ng6 15. Bh2
Qe7 16. Ng3 Be5 17. Nf5 Bxh2+ 18. Kxh2 Qe5+ 19. Kh1 Nd7 20. Qd2 Rb8 21. Rf3 Kh8
22. Qh6 Qf6 23. Ng3 Qe7 24. Nf5 Qf6 25. Rg3 Rd8 26. Rf1 Nde5 27. Rg5 Kg8 28.
Rh5 b5 29. Qxh7+ Kf8 30. axb5 axb5 31. Qh6+ Kg8 32. Qc1 Kf8 33. Rh7 Rd7 34.
Qh6+ 1-0

[Event "Zagreb Vukovar"]
[Site "Zagreb YUG"]
[Date "1993.??.??"]
[Round "2"]
[White "Spraggett, Kevin"]
[Black "Rogulj, Branko"]
[Result "1-0"]
[WhiteElo "2565"]
[BlackElo "2415"]
[PlyCount "63"]
[EventDate "1993.??.??"]
[EventType "tourn"]
[EventRounds "9"]
[EventCountry "YUG"]

1. c4 c5 2. g3 Nc6 3. Bg2 g6 4. e3 Bg7 5. Ne2 e6 6. Nbc3 Nge7 7. Nf4 a6 8. O-O
O-O 9. b3 b5 10. Bb2 Rb8 11. d3 d6 12. Qe2 Qc7 13. Rfd1 b4 14. Ne4 e5 15. Nd5
Nxd5 16. cxd5 Ne7 17. d4 cxd4 18. exd4 Nxd5 19. Rac1 Nc3 20. Nxc3 bxc3 21. Bxc3
Bb7 22. dxe5 Bxg2 23. Kxg2 Qb7+ 24. Qf3 dxe5 25. Qxb7 Rxb7 26. Ba5 Ra8 27. Rc6
Bf8 28. Rd5 Rb5 29. Rxa6 Rxd5 30. Rxa8 Kg7 31. Bc3 f6 32. a4 1-0

[Event "Zagreb Vukovar"]
[Site "Zagreb YUG"]
[Date "1993.??.??"]
[Round "3"]
[White "Lalic, Bogdan"]
[Black "Spraggett, Kevin"]
[Result "1/2-1/2"]
[WhiteElo "2515"]
[BlackElo "2565"]
[PlyCount "130"]
[EventDate "1993.??.??"]
[EventType "tourn"]
[EventRounds "9"]
[EventCountry "YUG"]

1. d4 Nf6 2. c4 e6 3. Nf3 c5 4. d5 d6 5. Nc3 exd5 6. cxd5 g6 7. h3 a6 8. a4 Qe7
9. Bf4 Nbd7 10. Nd2 Ne5 11. e4 Bg7 12. Be2 O-O 13. O-O Nfd7 14. Bg3 g5 15. Qc2
Re8 16. a5 Nf8 17. f4 gxf4 18. Bxf4 Nfg6 19. Bh2 Rb8 20. Ra3 b5 21. axb6 Rxb6
22. Kh1 Bh6 23. Nd1 Rb4 24. Ne3 Rd4 25. Ndc4 Qd8 26. Bh5 Bg7 27. Nxe5 Bxe5 28.
Nf5 Bxf5 29. exf5 Nf4 30. Bf3 Qf6 31. Rxa6 Rb8 32. Bg1 Rd3 33. Bxc5 Rxb2 34.
Bxd6 Qxd6 35. Qxb2 Qxa6 36. Qxe5 Rxd5 37. Qb8+ Kg7 38. Qb2+ f6 39. Re1 Rxf5 40.
Re7+ Kh6 41. Qf2 Ng6 42. Qe3+ Rg5 43. Re6 Qa1+ 44. Kh2 Kg7 45. Qb6 Qc3 46. Qd8
Rf5 47. Be4 Rg5 48. Qd7+ Kh6 49. Qd6 Qc5 50. Rxf6 Qe5+ 51. Qxe5 Rxe5 52. Ba8
Kg5 53. Ra6 Re3 54. Ra4 Re7 55. Be4 Kf6 56. g3 Rc7 57. h4 Re7 58. Kh3 Ne5 59.
g4 Kg7 60. Kg3 Nd7 61. Bf5 Nf8 62. Ra6 Rf7 63. h5 h6 64. Kf4 Rf6 65. Ra7+ Rf7
1/2-1/2

[Event "Zagreb Vukovar"]
[Site "Zagreb YUG"]
[Date "1993.??.??"]
[Round "6"]
[White "Spraggett, Kevin"]
[Black "Chabanon, Jean Luc"]
[Result "1-0"]
[WhiteElo "2565"]
[BlackElo "2425"]
[PlyCount "91"]
[EventDate "1993.??.??"]
[EventType "tourn"]
[EventRounds "9"]
[EventCountry "YUG"]

1. c4 e5 2. g3 d6 3. Nc3 g6 4. Bg2 Bg7 5. e4 Ne7 6. Nge2 O-O 7. d3 a5 8. O-O
Na6 9. Be3 Nc5 10. d4 exd4 11. Nxd4 Bd7 12. f4 f5 13. Qd2 fxe4 14. Nxe4 Nxe4
15. Bxe4 Bh3 16. Bxb7 Bxf1 17. Rxf1 Rb8 18. Ne6 Qe8 19. Nxg7 Kxg7 20. Bd4+ Kf7
21. Bg2 Qd7 22. Qxa5 c5 23. Bc3 Rfe8 24. Rd1 Qe6 25. Qc7 Rbc8 26. Qxd6 Qxd6 27.
Rxd6 Rcd8 28. Rf6+ Kg8 29. a4 Rd1+ 30. Kf2 Ra1 31. a5 h5 32. h3 h4 33. g4 Rf8
34. Rxf8+ Kxf8 35. Bb7 Ke8 36. a6 Kd7 37. Bf6 Nc8 38. Bxh4 Nb6 39. Bf6 Nxc4 40.
h4 Kc7 41. h5 Nxb2 42. h6 Nd3+ 43. Ke3 Ra3 44. h7 Ne5+ 45. Kd2 Nf7 46. Bd5 1-0

[Event "Zagreb Vukovar"]
[Site "Zagreb YUG"]
[Date "1993.??.??"]
[Round "7"]
[White "Cebalo, Miso"]
[Black "Spraggett, Kevin"]
[Result "1/2-1/2"]
[WhiteElo "2485"]
[BlackElo "2565"]
[PlyCount "28"]
[EventDate "1993.??.??"]
[EventType "tourn"]
[EventRounds "9"]
[EventCountry "YUG"]

1. d4 Nf6 2. Nf3 e6 3. c4 c5 4. d5 d6 5. Nc3 exd5 6. cxd5 g6 7. Bg5 h6 8. Bh4
g5 9. Bg3 Nh5 10. Nd2 Nxg3 11. hxg3 Nd7 12. e3 Bg7 13. Be2 O-O 14. a4 f5
1/2-1/2

[Event "Olympiad"]
[Site "Manila PHI"]
[Date "1992.06.10"]
[Round "3"]
[White "Lobron, Eric"]
[Black "Spraggett, Kevin"]
[Result "1-0"]
[WhiteElo "2575"]
[BlackElo "2545"]
[PlyCount "83"]
[EventDate "1992.06.08"]
[EventType "team"]
[EventRounds "14"]
[EventCountry "PHI"]

1. d4 Nf6 2. c4 g6 3. Nc3 Bg7 4. e4 d6 5. Nf3 O-O 6. Be2 Bg4 7. Be3 Nfd7 8. Ng1
Bxe2 9. Ngxe2 c5 10. O-O cxd4 11. Nxd4 Nc6 12. Rc1 Rc8 13. b3 a6 14. Qd2 Re8
15. Nd5 Nf6 16. Nxc6 Rxc6 17. f3 e6 18. Nb4 Rc8 19. Rfd1 Bf8 20. Nd3 Nd7 21.
Bg5 Qb6+ 22. Nf2 a5 23. Be3 Qa6 24. Bd4 f6 25. Ng4 Be7 26. f4 Qc6 27. Re1 e5
28. Bb2 exf4 29. Qxf4 Rf8 30. Ne3 Ne5 31. Nd5 Rce8 32. Qd2 Bd8 33. Bd4 f5 34.
h3 Rf7 35. exf5 Rxf5 36. Rcd1 Ref8 37. a4 b6 38. Qc3 h5 39. Rf1 Kh7 40. Rxf5
Rxf5 41. Qe3 Bg5 42. Qe4 1-0

[Event "Olympiad"]
[Site "Manila PHI"]
[Date "1992.06.17"]
[Round "9"]
[White "Spraggett, Kevin"]
[Black "Rodriguez, Ruben"]
[Result "1-0"]
[WhiteElo "2545"]
[BlackElo "2415"]
[PlyCount "97"]
[EventDate "1992.06.08"]
[EventType "team"]
[EventRounds "14"]
[EventCountry "PHI"]

1. c4 Nf6 2. Nc3 c5 3. g3 d5 4. cxd5 Nxd5 5. Bg2 Nc7 6. b3 e5 7. Bb2 Nc6 8. Rc1
Qd7 9. Na4 Ne6 10. Nf3 f6 11. O-O Be7 12. Ne1 Nb4 13. e3 O-O 14. a3 Nc6 15. f4
exf4 16. gxf4 Rd8 17. Rf2 b6 18. b4 Bb7 19. Qb3 Kh8 20. Bh3 f5 21. Nf3 Rf8 22.
bxc5 Na5 23. Qd1 Bxf3 24. Rxf3 b5 25. Bc3 Nc6 26. Nb2 Bxc5 27. Bf1 Ne7 28. Nd3
Bxa3 29. Ne5 Qe8 30. Rb1 b4 31. Bxb4 Bxb4 32. Rxb4 Nd5 33. Rb5 Rd8 34. Qa1 Ndc7
35. Rb2 Ng5 36. Rg3 Ne4 37. Rg2 a6 38. Bc4 Nd6 39. Ba2 Ncb5 40. Rc2 Rf6 41. Bd5
Qh5 42. d3 Ne8 43. Bf3 Qh4 44. Rg5 Rf8 45. Rc6 Rd6 46. Rc8 Nbc7 47. Bg2 Qh6 48.
Qc1 Qe6 49. Qxc7 1-0

[Event "Olympiad"]
[Site "Manila PHI"]
[Date "1992.06.20"]
[Round "11"]
[White "Spraggett, Kevin"]
[Black "Robatsch, Karl"]
[Result "1/2-1/2"]
[WhiteElo "2545"]
[BlackElo "2410"]
[PlyCount "149"]
[EventDate "1992.06.08"]
[EventType "team"]
[EventRounds "14"]
[EventCountry "PHI"]

1. c4 c5 2. g3 Nc6 3. Bg2 b6 4. b3 Bb7 5. Bb2 e6 6. Nf3 Nf6 7. O-O Be7 8. Nc3
O-O 9. e3 d5 10. cxd5 exd5 11. d4 Re8 12. Rc1 Rc8 13. Bh3 Rb8 14. Re1 Bf8 15.
Ne2 a5 16. Nf4 Nb4 17. a3 Na6 18. Bg2 Rc8 19. Ne5 cxd4 20. Rxc8 Qxc8 21. exd4
Nc7 22. Bh3 Qa8 23. Re3 Nb5 24. a4 Nd6 25. f3 Bc8 26. g4 g6 27. Rc3 h5 28. Bg2
hxg4 29. fxg4 Nde4 30. Rc2 Bh6 31. Bc1 Ba6 32. h3 Bg7 33. h4 Rc8 34. g5 Ne8 35.
Ba3 Rxc2 36. Qxc2 Bb7 37. Bh3 Qb8 38. Nfd3 Nc7 39. Kg2 Bc8 40. Qc6 Bxh3+ 41.
Kxh3 Qc8+ 42. Qd7 Qxd7+ 43. Nxd7 Bxd4 44. Bb2 Bxb2 45. Nxb2 Nc5 46. Nxb6 Nxb3
47. Nd3 Kf8 48. Kg4 Ke7 49. h5 gxh5+ 50. Kxh5 Kd6 51. Nc8+ Ke6 52. Kh6 Ne8 53.
Nb6 d4 54. g6 fxg6 55. Kxg6 Nd6 56. Kg5 Ne4+ 57. Kf4 Nc3 58. Kf3 Nd2+ 59. Kf2
Nd5 60. Nc5+ Ke5 61. Ncd7+ Kd6 62. Ke2 Nb3 63. Kd3 Nxb6 64. Nxb6 Kc6 65. Nc8
Kc5 66. Kc2 Kb4 67. Kd3 Kxa4 68. Kc4 Ka3 69. Nb6 Kb2 70. Kd3 Ka2 71. Nc4 a4 72.
Nb6 Ka3 73. Kc4 Kb2 74. Nxa4+ Kc2 75. Nc5 1/2-1/2

[Event "Olympiad"]
[Site "Manila PHI"]
[Date "1992.06.21"]
[Round "12"]
[White "Campora, Daniel"]
[Black "Spraggett, Kevin"]
[Result "1/2-1/2"]
[WhiteElo "2550"]
[BlackElo "2545"]
[PlyCount "134"]
[EventDate "1992.06.08"]
[EventType "team"]
[EventRounds "14"]
[EventCountry "PHI"]

1. e4 c5 2. Nf3 d6 3. Bb5+ Nd7 4. O-O Ngf6 5. Re1 a6 6. Bf1 b6 7. c4 Bb7 8. Nc3
e6 9. a3 Be7 10. b4 O-O 11. Rb1 Qc7 12. Qb3 Rab8 13. d3 Ng4 14. h3 Nge5 15.
Nxe5 Nxe5 16. b5 a5 17. Qd1 Bf6 18. Ne2 Rbd8 19. f4 Nd7 20. g3 g6 21. Bg2 Bg7
22. Qc2 d5 23. Kh2 d4 24. Ng1 f5 25. e5 Rf7 26. Rb2 h6 27. Bf3 Nf8 28. Qg2 Nh7
29. Bxb7 Qxb7 30. Nf3 Bf8 31. Rg1 Rg7 32. g4 Be7 33. Ne1 Qxg2+ 34. Rbxg2 Nf8
35. Nf3 Kh7 36. h4 fxg4 37. Rxg4 h5 38. R4g2 Rf7 39. Kh3 Rf5 40. Nh2 Rf7 41.
Nf1 Re8 42. Ng3 Bd8 43. Ne4 Be7 44. Bd2 Rf5 45. Re1 Rf7 46. Rge2 Rd8 47. Ng3 a4
48. Rf2 Re8 49. Rg2 Bd8 50. Bc1 Be7 51. Reg1 Bd8 52. Ne2 Rf5 53. Bd2 Kg7 54.
Ng3 Kf7 55. Re2 Bc7 56. Rge1 Re7 57. Bc1 Re8 58. Re4 Re7 59. Bb2 Re8 60. Kg2
Bd8 61. Kh3 Bc7 62. Bc1 Ke7 63. Bb2 Rd8 64. Rg1 Rf7 65. Bc1 Ke8 66. Re2 Rf5 67.
Bd2 Rd7 1/2-1/2

[Event "Olympiad"]
[Site "Manila PHI"]
[Date "1992.06.22"]
[Round "13"]
[White "Spraggett, Kevin"]
[Black "Rivas Pastor, Manuel"]
[Result "1-0"]
[WhiteElo "2545"]
[BlackElo "2520"]
[PlyCount "87"]
[EventDate "1992.06.08"]
[EventType "team"]
[EventRounds "14"]
[EventCountry "PHI"]

1. d4 Nf6 2. c4 e6 3. Nc3 Bb4 4. e3 c5 5. Bd3 Nc6 6. Nge2 d5 7. O-O O-O 8. cxd5
exd5 9. f3 Re8 10. Rf2 h5 11. a3 Bxc3 12. bxc3 Qd6 13. Ng3 h4 14. Nf5 Bxf5 15.
Bxf5 Re7 16. Re2 Rae8 17. Bd3 Nd7 18. Rb1 b6 19. h3 Nf8 20. a4 Qf6 21. Bb5 Ng6
22. a5 cxd4 23. cxd4 Nxa5 24. Bxe8 Rxe8 25. Ra1 Re7 26. Rea2 Nc4 27. Qd3 a5 28.
e4 Nf4 29. Bxf4 Qxf4 30. Rb1 f5 31. e5 Re6 32. Rc2 Kh7 33. Rb5 Rg6 34. Rf2 a4
35. Rc2 a3 36. Kh1 Ne3 37. Rf2 Rc6 38. Rb1 Nc4 39. Re2 Nb2 40. Qxa3 Rc1+ 41.
Re1 Rc2 42. Qxb2 Rxb2 43. Rxb2 Qxd4 44. e6 1-0

[Event "Candas op"]
[Site "Candas ESP"]
[Date "1992.??.??"]
[Round "2"]
[White "Izeta Txabarri, Felix"]
[Black "Spraggett, Kevin"]
[Result "0-1"]
[WhiteElo "2445"]
[BlackElo "2545"]
[PlyCount "120"]
[EventDate "1992.??.??"]
[EventType "swiss"]
[EventRounds "9"]
[EventCountry "ESP"]

1. e4 c5 2. Nf3 d6 3. c3 Nf6 4. Be2 e6 5. O-O Nc6 6. d3 Be7 7. a3 O-O 8. Nbd2
b6 9. b4 Bb7 10. Bb2 Qc7 11. d4 Nd7 12. bxc5 bxc5 13. d5 exd5 14. exd5 Nce5 15.
Nxe5 Nxe5 16. c4 f5 17. f4 Nd7 18. Bd3 Bf6 19. Bxf6 Rxf6 20. Qc2 Raf8 21. Nf3
Bc8 22. Ng5 Nb6 23. Rae1 g6 24. Re3 h6 25. Nf3 R6f7 26. Rfe1 Qd8 27. h4 Qf6 28.
Qf2 Rg7 29. R1e2 Qa1+ 30. Kh2 Bd7 31. Re1 Qxa3 32. Bxf5 Qa4 33. Bxd7 Nxd7 34.
Nd2 Qc2 35. Re8 Nf6 36. Rxf8+ Kxf8 37. Qe2 Rf7 38. Kg1 a5 39. Qe3 Kg7 40. Rf1
a4 41. f5 gxf5 42. Qg3+ Kh7 43. Qe1 a3 44. Qe6 Kg7 45. Nf3 a2 46. Qxd6 Qxc4 47.
Rd1 Qc2 48. Re1 Qb1 49. Qa6 Nxd5 50. h5 f4 51. Kh2 Ne3 52. Ne5 Qe4 53. Rxe3
fxe3 54. Nxf7 Qh4+ 55. Kg1 Qf2+ 56. Kh2 Qxf7 57. Qa4 Qxh5+ 58. Kg1 e2 59. Qd7+
Qf7 60. Qg4+ Kh8 0-1

[Event "Candas op"]
[Site "Candas ESP"]
[Date "1992.??.??"]
[Round "3"]
[White "Spraggett, Kevin"]
[Black "Urday Caceres, Henry"]
[Result "1-0"]
[WhiteElo "2545"]
[BlackElo "2480"]
[PlyCount "109"]
[EventDate "1992.??.??"]
[EventType "swiss"]
[EventRounds "9"]
[EventCountry "ESP"]

1. d4 d6 2. c4 e5 3. Nc3 exd4 4. Qxd4 Nc6 5. Qd2 g6 6. b3 Bg7 7. Bb2 Nf6 8. g3
O-O 9. Nh3 a6 10. Nf4 Rb8 11. Bg2 Bd7 12. Rc1 Ne5 13. O-O Bc6 14. Nfd5 Re8 15.
Rfd1 h5 16. h3 Ned7 17. Rc2 Nc5 18. Qc1 Nfe4 19. Nxe4 Nxe4 20. Bxg7 Kxg7 21.
Qa1+ Nf6 22. Qd4 a5 23. f4 Bxd5 24. cxd5 Qe7 25. Bf3 Rbc8 26. Rdc1 Kg8 27. Kf2
h4 28. g4 g5 29. e3 Ne4+ 30. Bxe4 Qxe4 31. Qxe4 Rxe4 32. Rc4 Rxc4 33. Rxc4 f6
34. Ra4 b6 35. Rc4 Kf7 36. Kf3 Kg6 37. e4 Kf7 38. fxg5 fxg5 39. e5 c5 40. exd6
Rd8 41. Re4 Rxd6 42. Re5 Rf6+ 43. Ke3 Kg6 44. Re7 Rf1 45. Re6+ Kf7 46. Rxb6 Rh1
47. Ke4 Rxh3 48. Kf5 Rd3 49. Rb7+ Ke8 50. Rh7 h3 51. Ke6 Re3+ 52. Kd6 a4 53.
Kc6 axb3 54. d6 Re6 55. axb3 1-0

[Event "Candas op"]
[Site "Candas ESP"]
[Date "1992.??.??"]
[Round "4"]
[White "Veingold, Aleksandr"]
[Black "Spraggett, Kevin"]
[Result "1/2-1/2"]
[WhiteElo "2465"]
[BlackElo "2545"]
[PlyCount "43"]
[EventDate "1992.??.??"]
[EventType "swiss"]
[EventRounds "9"]
[EventCountry "ESP"]

1. d4 d6 2. Nf3 Bg4 3. c4 Nd7 4. Nc3 e5 5. g3 c6 6. Bg2 Ngf6 7. O-O Be7 8. h3
Bh5 9. Be3 O-O 10. Qb3 Qc7 11. Rad1 Rfe8 12. Nh4 Bf8 13. Rd2 Bg6 14. Rfd1 exd4
15. Bxd4 Ne4 16. Nxe4 Bxe4 17. f3 Bg6 18. Nxg6 hxg6 19. f4 a6 20. Qf3 Re6 21.
h4 Nf6 22. Bxf6 1/2-1/2

[Event "Cannes op"]
[Site "Cannes FRA"]
[Date "1992.??.??"]
[Round "?"]
[White "Spiridonov, Nikola"]
[Black "Spraggett, Kevin"]
[Result "0-1"]
[WhiteElo "2400"]
[BlackElo "2545"]
[PlyCount "78"]
[EventDate "1992.??.??"]
[EventType "swiss"]
[EventRounds "9"]
[EventCountry "FRA"]

1. c4 e5 2. g3 Nc6 3. Bg2 f5 4. d3 Nf6 5. Nc3 Bb4 6. Bd2 O-O 7. e3 f4 8. Nf3
Qe8 9. O-O Bxc3 10. Bxc3 d6 11. exf4 exf4 12. d4 Qh5 13. d5 Ne7 14. Nd4 Bg4 15.
f3 Bd7 16. Re1 Ng6 17. Ne6 Bxe6 18. Rxe6 fxg3 19. hxg3 Qg5 20. Qe1 h5 21. Kh2
h4 22. gxh4 Nxh4 23. Qg3 Qh6 24. Kg1 Nf5 25. Qh3 Qg5 26. Rae1 Rf7 27. R1e2 Raf8
28. Bd2 Qg6 29. Kh2 Nd4 30. Bc3 Nxe2 31. Rxe2 Qd3 32. Rd2 Qh7 33. Bd4 b6 34. b4
Re7 35. c5 Nh5 36. cxd6 cxd6 37. Kg1 Qb1+ 38. Bf1 Nf4 39. Qh2 Rf5 0-1

[Event "Cannes op"]
[Site "Cannes FRA"]
[Date "1992.??.??"]
[Round "?"]
[White "Spraggett, Kevin"]
[Black "Alawieh, Amin"]
[Result "1-0"]
[WhiteElo "2540"]
[BlackElo "2310"]
[PlyCount "77"]
[EventDate "1992.??.??"]
[EventType "swiss"]
[EventRounds "9"]
[EventCountry "FRA"]

1. c4 Nf6 2. Nc3 c6 3. Nf3 d5 4. e3 e6 5. b3 Nbd7 6. Bb2 Bd6 7. Be2 O-O 8. O-O
Qe7 9. Nd4 g6 10. cxd5 exd5 11. Rc1 Ne4 12. Nxe4 dxe4 13. Qc2 Re8 14. f4 exf3
15. Rxf3 Ne5 16. Rf4 Ba3 17. Bxa3 Qxa3 18. b4 Be6 19. Nxe6 Rxe6 20. Qb1 b5 21.
Rd4 Qa6 22. Bd1 Qb6 23. Bb3 Re7 24. Qc2 Rd8 25. Re4 Rde8 26. Rf1 Qc7 27. Qc3
Rf8 28. Rf6 Kg7 29. Ref4 Qd8 30. Rxc6 f6 31. Rc5 a6 32. Rd4 Qb6 33. Kh1 h5 34.
h3 Rfe8 35. Rf4 Rf8 36. Kg1 Qd6 37. d4 Nd7 38. Rc6 Qb8 39. Rf3 1-0

[Event "Cannes op"]
[Site "Cannes FRA"]
[Date "1992.??.??"]
[Round "?"]
[White "Spraggett, Kevin"]
[Black "Benoit, Rene"]
[Result "1-0"]
[WhiteElo "2545"]
[BlackElo "2220"]
[PlyCount "55"]
[EventDate "1992.??.??"]
[EventType "swiss"]
[EventRounds "9"]
[EventCountry "FRA"]

1. c4 e5 2. g3 Nf6 3. Bg2 d5 4. cxd5 Nxd5 5. Nc3 Nb6 6. Nf3 Nc6 7. O-O Be7 8.
a3 O-O 9. b4 Be6 10. Rb1 a6 11. d3 f5 12. Bb2 Bf6 13. Nd2 Qd7 14. Nb3 Bxb3 15.
Qxb3+ Kh8 16. Na4 Nxa4 17. Qxa4 Rae8 18. Bxc6 bxc6 19. Qxa6 e4 20. Qc4 f4 21.
dxe4 Bxb2 22. Rxb2 Rf6 23. Rb3 h6 24. Rf3 Re5 25. e3 Qh3 26. Rd1 Rh5 27. exf4
Qxh2+ 28. Kf1 1-0

[Event "Cannes op"]
[Site "Cannes FRA"]
[Date "1992.??.??"]
[Round "?"]
[White "Spraggett, Kevin"]
[Black "Bricard, Emmanuel"]
[Result "1/2-1/2"]
[WhiteElo "2545"]
[BlackElo "2430"]
[PlyCount "102"]
[EventDate "1992.??.??"]
[EventType "swiss"]
[EventRounds "9"]
[EventCountry "FRA"]

1. c4 f5 2. b3 e5 3. Bb2 Nc6 4. e3 Nf6 5. Nf3 d6 6. Be2 g6 7. d4 Bg7 8. Nc3 e4
9. Nd2 d5 10. a3 Be6 11. b4 Ne7 12. cxd5 Nexd5 13. Qc2 O-O 14. g3 Qe7 15. Nc4
c6 16. h4 Nd7 17. Rc1 Nxc3 18. Bxc3 Bd5 19. Bb2 Rac8 20. Na5 b6 21. Nc4 Rc7 22.
Kf1 h6 23. Kg2 Qe6 24. a4 Rcc8 25. Ba1 g5 26. hxg5 hxg5 27. Rh2 f4 28. gxf4
gxf4 29. Kh1 b5 30. Ne5 Bxe5 31. dxe5 Kf7 32. Bh5+ Ke7 33. axb5 Rh8 34. Rg1
cxb5 35. Qd1 Rcg8 36. Rxg8 Rxg8 37. Bd4 f3 38. Qc2 Qc6 39. Qxc6 Bxc6 40. Rh4
Rg5 41. Bg4 Nxe5 42. Rh7+ Ke8 43. Bxe5 Rxe5 44. Rxa7 Rg5 45. Rc7 Rxg4 46. Rxc6
Kd7 47. Rc5 Kd6 48. Rh5 Rg2 49. Rd5+ Ke6 50. Re5+ Kf6 51. Re6+ Kxe6 1/2-1/2

[Event "Cannes op"]
[Site "Cannes FRA"]
[Date "1992.??.??"]
[Round "?"]
[White "Spraggett, Kevin"]
[Black "Majorovas, Vitalijus"]
[Result "1-0"]
[WhiteElo "2545"]
[BlackElo "2450"]
[PlyCount "61"]
[EventDate "1992.??.??"]
[EventType "swiss"]
[EventRounds "9"]
[EventCountry "FRA"]

1. c4 e6 2. Nc3 d5 3. d4 c6 4. e4 dxe4 5. Nxe4 Bb4+ 6. Bd2 Qxd4 7. Bxb4 Qxe4+
8. Be2 c5 9. Bxc5 Qxg2 10. Bf3 Qg5 11. Bd6 Nc6 12. Ne2 Nge7 13. Rg1 Qf6 14. Nc3
Nf5 15. Bxc6+ bxc6 16. Ne4 Qd8 17. Qd2 Ba6 18. b3 Qh4 19. O-O-O Bxc4 20. Qc2
Bb5 21. a4 Nxd6 22. Nxd6+ Kf8 23. axb5 cxb5 24. Qc5 Qf4+ 25. Kb1 Kg8 26. Rd4
Qf3 27. Rg3 Qh1+ 28. Kb2 h5 29. Nxf7 Rf8 30. Rxg7+ Kxg7 31. Qg5+ 1-0

[Event "FRA-Tch"]
[Site "FRA"]
[Date "1992.??.??"]
[Round "?"]
[White "Spraggett, Kevin"]
[Black "Mercier, Jean Pierre"]
[Result "1/2-1/2"]
[WhiteElo "2545"]
[BlackElo "2220"]
[PlyCount "132"]
[EventDate "1992.??.??"]
[EventType "team"]
[EventRounds "8"]
[EventCountry "FRA"]

1. c4 e6 2. Nc3 d5 3. d4 Nf6 4. cxd5 exd5 5. Bg5 Be7 6. e3 O-O 7. Bd3 Nbd7 8.
Nge2 c6 9. Qc2 Re8 10. O-O Nf8 11. a3 Ng4 12. Bxe7 Qxe7 13. h3 Nh6 14. Ng3 Ng6
15. Rfe1 Qh4 16. Bf1 f5 17. Nge2 Nf7 18. g3 Qf6 19. Bg2 Nd6 20. Na4 Be6 21. Nc5
Bf7 22. Nd3 Re7 23. Nef4 Nxf4 24. gxf4 Bh5 25. Kh2 Kh8 26. Rg1 Rg8 27. Ne5 g5
28. fxg5 Rxg5 29. f4 Rg8 30. Qf2 Reg7 31. b3 Qe7 32. a4 Qf6 33. a5 a6 34. Bh1
Rxg1 35. Rxg1 Rxg1 36. Qxg1 h6 37. Qe1 Nb5 38. Bg2 Kh7 39. Bf1 Nd6 40. Qb4 Qe7
41. Qc5 Qd8 42. Bd3 Qh4 43. Qc2 Kh8 44. Qd2 Kh7 45. Kg2 Kg7 46. Qb4 Qe7 47. Kf1
Kh7 48. Qc5 Kg7 49. Qb4 Kh7 50. Ke1 Kg8 51. Kf1 Kh8 52. Qc5 Kg7 53. Ke1 Kh8 54.
Kd2 Kg7 55. Kc2 Kf6 56. Kb2 Ke6 57. Qc2 Qh4 58. Qg2 Bf7 59. Bc2 Qe1 60. Qg7
Qxe3 61. Qxh6+ Ke7 62. Qg5+ Ke8 63. Qf6 Qxd4+ 64. Kb1 Qg1+ 65. Ka2 Qf2 66. Kb2
Qd4+ 1/2-1/2

[Event "FRA-Tch"]
[Site "FRA"]
[Date "1992.??.??"]
[Round "?"]
[White "Weill, Roland"]
[Black "Spraggett, Kevin"]
[Result "0-1"]
[WhiteElo "2280"]
[BlackElo "2545"]
[PlyCount "86"]
[EventDate "1992.??.??"]
[EventType "team"]
[EventRounds "8"]
[EventCountry "FRA"]

1. e4 c5 2. c3 b6 3. d4 Bb7 4. f3 e6 5. Nh3 d6 6. Bb5+ Nd7 7. a4 a6 8. Be2 Ngf6
9. O-O Be7 10. Be3 O-O 11. Nd2 Qc7 12. Qb1 Rfe8 13. Nf2 g6 14. b4 Bf8 15. Rc1
Bc6 16. b5 axb5 17. Bxb5 Ra7 18. Qb2 Rea8 19. Nd3 Ne8 20. Rcb1 Qc8 21. Nc4 Bxb5
22. Qxb5 Ra6 23. dxc5 bxc5 24. Qb7 Qd8 25. a5 Nc7 26. Qb2 Bg7 27. Bd2 d5 28.
exd5 exd5 29. Nb6 Rb8 30. Qc1 Nxb6 31. axb6 Raxb6 32. Rxb6 Rxb6 33. Nxc5 Nb5
34. Nd3 Rc6 35. Nb4 Rc8 36. Qf1 Nxc3 37. Ra6 d4 38. Qd3 Qe7 39. Nc6 Qc5 40. Na5
h5 41. Nb7 Qc7 42. Nd6 Rb8 43. Qc4 Qe7 0-1

[Event "Ibercaja op"]
[Site "Zaragoza ESP"]
[Date "1992.??.??"]
[Round "?"]
[White "Langeweg, Kick"]
[Black "Spraggett, Kevin"]
[Result "1/2-1/2"]
[WhiteElo "2405"]
[BlackElo "2545"]
[PlyCount "125"]
[EventDate "1992.??.??"]
[EventType "swiss"]
[EventRounds "9"]
[EventCountry "ESP"]

1. d4 Nf6 2. Nf3 d6 3. Nbd2 g6 4. e4 Bg7 5. c3 O-O 6. Be2 Nc6 7. O-O Re8 8. Bb5
Bd7 9. Re1 e5 10. d5 Ne7 11. Bxd7 Nxd7 12. Nf1 h6 13. Ng3 Rf8 14. a4 a5 15. c4
Qe8 16. Nh4 Kh7 17. Nf3 Nc5 18. Be3 b6 19. Ra3 Rb8 20. Nd2 Ng8 21. Bxc5 bxc5
22. Nb3 Rb4 23. Nxa5 Ne7 24. b3 Qa8 25. Nc6 Nxc6 26. dxc6 Qxc6 27. Qd3 Qb7 28.
Nf1 Rb8 29. Rb1 Bf8 30. Ne3 c6 31. a5 Qa6 32. g3 Ra8 33. h4 h5 34. g4 Qc8 35.
gxh5 Qh3 36. hxg6+ fxg6 37. Qe2 Qxh4 38. Ng4 Rb7 39. Kg2 Kg7 40. Rh1 Qg5 41.
Rh3 Qc1 42. Ra2 Rf7 43. Rh1 Qg5 44. Rh3 Qc1 45. Rh1 Qf4 46. f3 Rfa7 47. Qe1 Be7
48. Rh3 Rh8 49. Rxh8 Kxh8 50. a6 Bg5 51. Ra1 Kg7 52. Ra2 Qf7 53. Qg3 Qe7 54.
Qh3 Qe8 55. Qg3 Qd8 56. Nf2 Bh4 57. Qg4 Bxf2 58. Kxf2 Qb6 59. Kg1 Qxb3 60. Rg2
Qd1+ 61. Kh2 Kh8 62. Qc8+ Kh7 63. Qh3+ 1/2-1/2

[Event "Ibercaja op"]
[Site "Zaragoza ESP"]
[Date "1992.??.??"]
[Round "?"]
[White "Spraggett, Kevin"]
[Black "Gil Capape, Javier"]
[Result "1/2-1/2"]
[WhiteElo "2545"]
[BlackElo "2400"]
[PlyCount "42"]
[EventDate "1992.??.??"]
[EventType "swiss"]
[EventRounds "9"]
[EventCountry "ESP"]

1. d4 d5 2. c4 e6 3. Nc3 Nf6 4. cxd5 exd5 5. Bg5 Be7 6. e3 Nbd7 7. Bd3 O-O 8.
Nge2 Re8 9. O-O Nf8 10. f3 Ng6 11. Qc2 c6 12. Rad1 Qa5 13. Qb1 Be6 14. Ng3 Rad8
15. Bf5 c5 16. Rfe1 Nf8 17. Rc1 g6 18. Bd3 c4 19. Bf1 Bc8 20. Qc2 Ne6 21. Bh6
Kh8 1/2-1/2

[Event "Oviedo rapid45"]
[Site "Oviedo ESP"]
[Date "1992.??.??"]
[Round "1"]
[White "Spraggett, Kevin"]
[Black "Ballester, Joaquin"]
[Result "1-0"]
[WhiteElo "2545"]
[BlackElo "2225"]
[PlyCount "63"]
[EventDate "1992.??.??"]
[EventType "swiss (rapid)"]
[EventRounds "11"]
[EventCountry "ESP"]

1. c4 e5 2. g3 Nf6 3. Bg2 Nc6 4. Nc3 b6 5. e3 Bb7 6. Nge2 Na5 7. Bxb7 Nxb7 8.
d4 exd4 9. Nxd4 a6 10. O-O Nc5 11. e4 d6 12. Bg5 Be7 13. Nc6 Qd7 14. Nxe7 Qxe7
15. Nd5 Qd8 16. e5 dxe5 17. Nxf6+ gxf6 18. Qxd8+ Rxd8 19. Bxf6 Rg8 20. Bxd8
Kxd8 21. Rfe1 f6 22. Rad1+ Kc8 23. Kg2 Ne6 24. f3 a5 25. Kf2 Nd4 26. f4 Rf8 27.
fxe5 fxe5+ 28. Kg2 Rf5 29. Re4 c5 30. Rde1 Nc6 31. Rf1 Rg5 32. Rf8+ 1-0

[Event "Oviedo rapid45"]
[Site "Oviedo ESP"]
[Date "1992.??.??"]
[Round "3"]
[White "Spraggett, Kevin"]
[Black "Nedobora, Mikhail"]
[Result "1-0"]
[WhiteElo "2545"]
[BlackElo "2355"]
[PlyCount "83"]
[EventDate "1992.??.??"]
[EventType "swiss (rapid)"]
[EventRounds "11"]
[EventCountry "ESP"]

1. c4 Nf6 2. Nc3 c5 3. g3 d5 4. cxd5 Nxd5 5. Bg2 Nc7 6. b3 e5 7. Bb2 Be7 8. Rc1
O-O 9. Na4 Nd7 10. Nh3 Rb8 11. f4 b5 12. Nc3 exf4 13. Nxf4 Nf6 14. O-O Bb7 15.
e3 Bxg2 16. Kxg2 Qd7 17. Qe2 Ne6 18. Rcd1 Rfd8 19. d3 Nxf4+ 20. gxf4 Qc6+ 21.
Qf3 Qxf3+ 22. Kxf3 Rd7 23. e4 a6 24. Rf2 Rbd8 25. Rfd2 g6 26. a4 Rb7 27. axb5
axb5 28. d4 cxd4 29. Rxd4 Rxd4 30. Rxd4 Kf8 31. e5 Nd7 32. Nd5 Nb6 33. Nxe7
Kxe7 34. Ba3+ Ke8 35. Rd6 Nd7 36. Bb4 Rb6 37. Ke4 Rxd6 38. Bxd6 Nb6 39. Kd4 Kd7
40. Kc5 Nc8 41. Bf8 Na7 42. b4 1-0